| 000 | 01543cam a22003735i 4500 | ||
|---|---|---|---|
| 001 | 017165048 | ||
| 003 | EG-ScBUE | ||
| 005 | 20250707090303.0 | ||
| 008 | 150413t2016 enka f b 000 0 eng d | ||
| 020 | _a9781292077604 (paperback) | ||
| 020 | _a1292077603 (paperback) | ||
| 040 |
_aEG-ScBUE _beng _erda _cEG-ScBUE _dEG-ScBUE |
||
| 082 | 0 | 4 |
_a540.78 _bCHE _222 |
| 245 | 0 | 0 |
_aChemistry : _bthe central science / _cJohn H. Nelson, University of Nevada, Reno, [and three others] |
| 246 | 3 | 4 |
_aLaboratory experiments for chemistry : _bthe central science |
| 250 | _aThirteenth edition. | ||
| 250 | _aGlobal edition. | ||
| 264 | 1 |
_aHarlow : _bPearson Education Limited, _c[2016] |
|
| 264 | 4 | _cc2016 | |
| 300 |
_a1 volume (various pagings) : _billustrations ; _c28 cm |
||
| 336 |
_2rdacontent _atext _btxt |
||
| 337 |
_aunmediated _2rdamedia _bn |
||
| 338 |
_avolume _bnc _2rdacarrier |
||
| 500 | _aIncludes Appendices. | ||
| 504 | _aIncludes bibliographical references. | ||
| 520 | _aIncludes experiments chosen to introduce students to basic lab techniques and to illustrate core chemical principles. This manual contains pre-lab questions and detachable report sheets. It offers safety and disposal information. | ||
| 650 | 7 |
_aChemistry. _2BUEsh _94328 |
|
| 650 | 7 |
_aChemistry _xExperiments. _2BUEsh _931104 |
|
| 650 | 7 |
_aChemistry _vProblems, exercises, etc. _2BUEsh _94465 |
|
| 653 |
_bENGCHE _cApril2016 |
||
| 655 | _vReading book | ||
| 700 | 1 |
_aBrown, Theodore L. _q(Theodore Lawrence), _d1928- _939898 _eauthor. |
|
| 942 |
_2ddc _cBB |
||
| 999 |
_c21681 _d21653 |
||